En savez vous autant qu'une Miss France ? - Statistiques

Statistiques générales
  • Ce quiz a été pris 1 321 fois
  • Le résultat moyen est 61 sur 100
Statistiques - réponses
Question Réponse % Correct
A ce jour, quel est l'album le plus vendu au monde ? " Thriller " de Michael Jackson
91%
Quel pays ne fait pas partie du Maghreb : Turquie
89%
En quelle année le mur de Berlin est-il tombé ? 1989
88%
Combien de pattes les araignées ont-elles ? 8
86%
Qui déclare en 1944 : "Paris outragé, Paris brisé, Paris martyrisé, mais Paris libéré !" Charles de Gaulle
85%
Que célèbre-t-on le 11 novembre ? L'armistice de 1918
85%
Quel est le nom usuel d'un terrain de tennis ? Court
82%
Un consensus est : Un accord entre plusieurs personnes
82%
Laquelle de ces marques automobiles n'est pas européenne ? Ford
80%
Quel est le seul acteur français à avoir remporté l'Oscar du meilleur acteur ? Jean Dujardin
80%
L'adjectif «imminent» signifie : Très proche
80%
Que signifie "narquois" ? Malicieux et moqueur
77%
Parmi les hommes politiques suivants, lequel a pris le pouvoir à partir de 1959 à Cuba ? Fidel Castro
76%
Quel monument parisien a pour surnom La Dame de fer ? La tour Eiffel
76%
Quel est le plus grand pays du monde ? Russie
76%
Dans quel pays a eu lieu la catastrophe de Fukushima ? Japon
75%
Comment appelle-t-on aussi les blogueuses mode ? Les influenceuses
75%
Quelle capitale actuelle a été physiquement coupée en deux de 1961 à 1989 ? Berlin
74%
Que signifie l'acronyme DROM COM ? Départements et régions d'outre-mer - Collectivités d'outre-mer
74%
Quel est le prénom de la célèbre Suédoise de 16 ans qui milite contre le réchauffement climatique ? Greta
74%
Quel roman de Saint-Exupéry est le deuxième ouvrage le plus traduit dans le monde après la Bible ? Le Petit prince
74%
Pragmatique signifie : Pratique, Concret
74%
Quelle est la capitale de la Suisse ? Berne
73%
Au sujet de quelle affaire le célèbre Emile Zola a-t-il publié le célèbre J'accuse en 1898 ? Dreyfus
73%
En France, quelle institution regroupe le Sénat et l’Assemblée Nationale ? Le parlement
73%
De quel pays vient l'équipe de rugby championne du monde, les All Blacks ? Nouvelle-Zélande
73%
Quelle est la capitale de la Suède ? Stockholm
73%
Qui était Jean Moulin ? Un résistant
73%
Quel roi de France fut guillotiné le 21 janvier 1793 ? Louis XVI
72%
Quelles sont les villes les plus éloignées parmi les paires suivantes ? Angers-Lyon
71%
Qui a prononcé l'appel du 18 juin 1940 à la radio de Londres, sur les ondes de la BBC ? Charles de Gaulle
71%
Quel élément de 93 mètres de haut, disparu dans l'incendie du mois d'avril 2019, l'architecte Viollet-le-Duc avait-il bâti sur Notre-Dame de Paris ? La flèche
70%
Quel animal à écailles a-t-on accusé d’avoir transmis le coronavirus à l’Homme ? Pangolin
70%
Que signifie «altruisme» ? S'intéresser et se dévouer à autrui
70%
Que signifient les initiales « CSA » ? Conseil Supérieur de l'Audiovisuel
69%
Parmi les pays suivants, lequel est le plus peuplé ? Indonésie
69%
Qui a peint «Le Jugement dernier» de la chapelle Sixtine à Rome ? Michel-Ange
69%
A quelle boisson associe-t-on le nom de Dom Pérignon ? Champagne
68%
Le festival d'Angoulême est consacré à : la BD
68%
Qui a écrit Les Trois Mousquetaires ? Alexandre Dumas
67%
Les accords de Schengen correspondent à : La suppression des barrières douanières
67%
Comment s’appelle l’association créée en 2015 par douze anciennes Miss France ? Les bonnes fées
67%
Quelle est la bonne orthographe ? Méditerranée
67%
En quelle année l'Algérie est-elle devenue indépendante ? 1962
66%
Où se trouve la célèbre 5e avenue ? New York
66%
Quelle est la capitale du Sénégal ? Dakar
65%
Quel est le titre français du dernier James Bond «No time to die» ? Mourrir peut attendre
65%
Quelle ville s’appelait autrefois Lutèce ? Paris
65%
En quelle année Adolf Hitler prend-il le pouvoir en Allemagne ? 1933
64%
Qui est l’auteur du roman «Germinal» ? Émile Zola
64%
Complétez le titre de cette peinture à l'huile sur toile réalisée Théodore Géricault : Le Radeau de... la Méduse
64%
Par quelle spécialité Le Corbusier s’est-il surtout fait connaître ? L'architecture
64%
Laquelle de ces compétitions de tennis ne fait pas partie des tournois du Grand Chelem ? Monte Carlo
64%
Comment s'appelle le garde-mémoire de la télévision française ? INA
63%
De quelle pièce de théâtre Molière n’est-il pas l’auteur ? Le Cid
62%
Qu’est-ce qu’un MOF ? Un Meilleur Ouvrier de Français
62%
Quelle mer ou quel océan entoure l’île de la Réunion ? Océan indien
61%
L'adjectif «austral» se rapporte à : La moitié Sud du globe terrestre
60%
Parmi les films suivants, lequel n'a pas été réalisé par Steven Spielberg ? Le Seigneur des anneaux
60%
Sur quelle île Napoléon Bonaparte a-t-il fini sa vie ? Ste Hélène
60%
Quel pays ne fait pas partie de l’Union Européenne ? Islande
59%
En 2011, quel territoire est devenu le 101e département français ? Mayotte
59%
Compléter cette citation de Cyrano de Bergerac : «C’est un roc !C’est un pic !C’est un cap ! Que dis-je, c’est un cap ! C’est… » péninsule
59%
Que signifie l'adjectif "volubile" ? qui parle beaucoup
59%
Faire preuve d'abnégation, c'est... Se dévouer avec désintéressement
59%
Où décerne-t-on l'Ours d'Or ? Berlin
58%
Les accords qui ont préparé l'indépendance en Algérie sont les accords de... Evian
58%
Qui est Pierre Hermé ? Un chef pâtissier-chocolatier
57%
En quelle année en France, les femmes ont-elles pu user pour la première fois du droit de voter ? 1945
56%
On dit qu'une baleine : chante
55%
Qui a écrit :" On ne naît pas femme, on le devient" Simone de Beauvoir
55%
Que signifie "prosélytisme" ? Zèle ardent pour recruter des adeptes, pour tenter d'imposer ses idées
55%
Dans quelle ville est-il possible de visiter le MUCEM (Musée des Civilisations de l'Europe et de la Méditerranée) ? Marseille
54%
Qui a composé "L'Ode à la joie", hymne de l'Union européenne ? Beethoven
53%
En quelle année la peine de mort a-t-elle été abolie en France ? 1981
52%
Quelle est la distance d'un marathon ? 42,195 km
51%
Quel est le plus long fleuve de France métropolitaine ? La Loire
51%
Lequel de ces pays n'a aucune façade maritime ? Hongrie
50%
Ostracisme signifie : Mise à l'écart dans un groupe
50%
Que signifie Fluctuat Nec Mergitur ? Il est battu par les flots mais ne sombre pas
49%
Quel monument parisien réalisé par Ieoh Ming Pei est célèbre dans le monde entier ? La Pyramide du Louvre
49%
Un des pays suivants ne fait pas partie de l'Union européenne : Norvège
49%
Quel personnage de roman chante « Je suis tombé par terre c’est la faute à Voltaire » ? Gavroche
48%
Quelle série française connait un vrai succès à l’étranger sous le nom « Call My Agent » ? 10 pour 100
46%
Dans l'Histoire de France, quel souverain était surnommé "l'empereur à la barbe fleurie" ? Charlemagne
45%
Quelle femme française dirigea le Fonds Monétaire International (FMI) jusqu’en 2019 ? Christine Lagarde
43%
Dans quelle discipline Tony Yoka/Estelle Mossely ont remporté chacun dans leur catégorie respective, une médaille d’or aux Jeux olympiques de Rio ? Boxe
42%
Dans quelle ville le Parlement européen se situe-t-il ? Strasbourg
42%
Que signifie «sous l'égide de» ? Sous la protection de
39%
Depuis le 1er janvier 2016, combien de régions la France compte-t-elle (outre-mer compris) ? 18
38%
Quel est le plus grand département de France métropolitaine ? Gironde
37%
Dans quelle ville un film peut-il recevoir le Lion d'Or ? Venise
35%
Laquelle de ces stars n'a pas donné son nom à un modèle de sac Hermès ? Monica Belluci
34%
Depuis 1967, quelle ville française abrite le secrétariat du Père Noël ? Libourne
33%
Qu’est-ce que le Pouilly Fumé ? Un vin
32%
La Convention de Genève (28 juillet 1951) concerne : Le droit d'asile
31%
Quel est le quotidien d’information le plus diffusé en France ? Ouest-France
26%
En quelle année eut lieu la toute première représentation de la Cinéscénie du Puy du Fou ? 1978
24%
Quelle ville appelle-t-on la Venise du Nord ? Bruges
23%
Quel architecte a conçu et construit la Galerie des Glaces au Château de Versailles ? Jules Hardouin-Mansart
13%
Aucun quiz correspondant
Distribution des résultats
% des personnes avec chaque résultat
Percentile par nombre de réponses
Votre historique - résultats
Vous n’avez pas pris ce quiz